000 01198nam a2200229 i 4500
001 115599
003 ES-MaACL
005 20230906190516.0
007 t|
008 070416s1965 ag ||||1| spa d
080 _a296.80
130 0 _aTalmud.
_9124832
245 1 3 _aEl Talmud de Babilonia /
_ceditado por Abraham J. Weiss ; [versión castellana dirigida y redactada por Mario Calés, sobre la base de la edición de Vilna].
260 _aBuenos Aires :
_bAcervo Cultural,
_c1965-
300 _a7 v. ;
_c29 cm.
500 _aTexto hebreo y español.
505 8 _aContiene: 1. Tratato Berajot [Seder Zeraim] / con el prólogo de Maimonides al Seder Zeraim (338 p.) -- 2. Tratados Peá, Demái, Kilaím, Shebut, Terumot, Maaserot, Maaser sheni, Jalá, Orlá, Bicurim. [Seder Zeraim] (266 p.) -- 3. Tratado Sabat. [Seder Moed] (633 p.) -- 14. Tratado Babá Kama [Seder Nezikim] (479 p.) -- 15. Tratado Babá Metsía [Seder Nezikim] ( 479 p.) -- 16. Tratado Babá Batrá. [Seder Nezikim] (705 p.) -- 17. Tratado Sanedrim [Seder Nezikim] (475 p.)
700 0 _aMaimónides.
_975588
700 1 _aCalés, Mario.
_933664
700 1 _aWeiss, Abraham J.
_9116394
852 4 _aES-MaACL
_jP-1453
999 _c115599
_d115599